|
|
|
|
| LEADER |
00000cam a2200000 4500 |
| 001 |
vtls012257961 |
| 003 |
SK-MaSNL |
| 005 |
20260301105827.0 |
| 008 |
240612s2024 xo afc j h6 000 mcslo |
| 015 |
|
|
|a SNBA2024/10
|
| 020 |
|
|
|a 9788055193496
|q (viazané)
|
| 040 |
|
|
|a SNK
|b slo
|c SNK
|e rda
|
| 041 |
1 |
|
|a slo
|h fre
|
| 044 |
|
|
|a xo
|c SK
|
| 072 |
|
7 |
|a 27
|x Kresťanstvo. Kresťanská cirkev všeobecne. Ekleziológia
|2 konspekt
|
| 072 |
|
7 |
|a 0/9-053.2
|x Literatúra pre deti a mládež (náučná)
|2 konspekt
|
| 080 |
|
|
|a 27-36-055.1
|2 2011
|
| 080 |
|
|
|a 2-36-055.2
|2 2011
|
| 080 |
|
|
|a 929-058.1
|2 2011
|
| 080 |
|
|
|a 0/9
|2 2011
|
| 080 |
|
|
|a (0:82-322.6)
|2 2011
|
| 080 |
|
|
|a (084.1)
|2 2011
|
| 080 |
|
|
|a (0:82-97)
|2 2011
|
| 080 |
|
|
|a (03)82-93-053.4/.6
|2 2011
|
| 100 |
1 |
|
|a Grossetête, Charlotte
|4 aut
|9 413659
|
| 240 |
1 |
0 |
|a Saints - 15 vies extraordinaires de Piere à Mère Teresa
|l Slovensky
|
| 245 |
1 |
0 |
|a Svätí
|b fakty a zaujímavosti zo života svätých
|c Charlotter Grossetête ; z francúzskeho originálu Saints - 15 vies extraordinaires de Piere à Mère Teresa ... preložila Monika Jurovčáková
|
| 246 |
1 |
|
|i Obálkový podnázov:
|a 15 výnimočných ľudí - od svätého Petra až po Matku Terezu
|
| 264 |
|
1 |
|a Bratislava
|b Ikar, a.s. - Stonožka
|c 2024
|
| 300 |
|
|
|a 94 strán
|b farebné ilustrácie, portréty
|c 28 cm
|
| 336 |
|
|
|a text
|b txt
|2 rdacontent
|
| 336 |
|
|
|a statický obraz
|b sti
|2 rdacontent
|
| 337 |
|
|
|a bez média
|b n
|2 rdamedia
|
| 338 |
|
|
|a zväzok
|b nc
|2 rdacarrier
|
| 650 |
0 |
7 |
|a kresťanskí svätci
|2 SNKPH
|9 1605
|
| 650 |
0 |
7 |
|a svätice
|2 SNKPH
|9 75500
|
| 650 |
0 |
7 |
|a osobnosti
|2 SNKPH
|9 29820
|
| 650 |
0 |
7 |
|a všeobecnosti a zaujímavosti
|2 SNKPH
|9 4162
|
| 650 |
0 |
7 |
|a Christian saints
|2 SNKPHeng
|9 282519
|
| 650 |
0 |
7 |
|a Women saints
|2 SNKPHeng
|9 329622
|
| 650 |
0 |
7 |
|a Celebrities
|2 SNKPHeng
|9 265203
|
| 650 |
0 |
7 |
|a General and attractions
|2 SNKPHeng
|9 267066
|
| 655 |
|
7 |
|a biografické príbehy
|2 SNKPH
|9 70709
|
| 655 |
|
7 |
|a komiksy
|2 SNKPH
|9 70703
|
| 655 |
|
7 |
|a publikácie pre deti a mládež
|2 SNKPH
|9 70541
|
| 655 |
|
7 |
|a modlitby
|2 SNKPH
|9 70550
|
| 655 |
|
7 |
|a Biographical stories
|2 SNKPHeng
|9 286436
|
| 655 |
|
7 |
|a Comics
|2 SNKPHeng
|9 284578
|
| 655 |
|
7 |
|a Prayers
|2 SNKPHeng
|9 291214
|
| 655 |
|
7 |
|a Publications for children and youth
|2 SNKPHeng
|9 285708
|
| 700 |
1 |
|
|a Son, Stéphanie
|4 ill
|9 446771
|
| 700 |
1 |
|
|a Grall, Nans
|4 ill
|9 446772
|
| 700 |
1 |
|
|a Jurovčáková, Monika
|4 trl
|9 373511
|
| 852 |
|
|
|a Slovenská národná knižnica
|
| 919 |
|
|
|a 978-80-551-9349-6
|
| 954 |
|
|
|a beletria cudzojazyčná (svetová)
|2 lita
|
| 954 |
|
|
|a duchovná literatúra cudzojazyčná (svetová)
|2 lita
|
| 958 |
|
|
|a NT
|
| 958 |
|
|
|a UP
|
| 958 |
|
|
|a BC
|
| 968 |
|
|
|b FR
|
| 999 |
|
|
|c 701789
|d 703719
|
| 952 |
|
|
|a SNK
|b SNK
|y PREZ
|7 0
|p 17A1548400
|o snkSB 100550
|i snk2024/9999
|8 0
|0 0
|1 0
|4 0
|d 2024-06-25
|f 1
|l 0
|r 2025-05-19 00:00:00
|w 2026-02-23
|
| 952 |
|
|
|a SNK
|b SNK
|y VYP
|7 0
|p 17A1548401
|o snkSB 100550 D1
|i snk2024/10000
|8 0
|0 0
|1 0
|4 0
|d 2024-06-25
|l 0
|r 2026-02-23 21:01:46
|w 2026-02-23
|